000 00566cam a2200157 4500500
005 20260322004915.0
041 _afre
042 _adc
100 1 0 _aTesson, Philippe
_eauthor
700 1 0 _aSibony, Judith
_eauthor
245 0 0 _aPhilippe Tesson. « Je déteste la démocratie telle qu’elle est pratiquée aujourd’hui »
260 _c2022.
500 _a69
786 0 _nRevue des deux Mondes | Avril | 3 | 2022-04-01 | p. 10-16 | 2266-4734
856 4 1 _uhttps://shs.cairn.info/revue-revue-des-deux-mondes-2022-3-page-10?lang=fr&redirect-ssocas=7080
999 _c1744053
_d1744053